|
|
|
|
| LEADER |
01830nam a2200529 i 4500 |
| 001 |
nkc20253698142 |
| 003 |
CZ PrNK |
| 005 |
20260227123430.0 |
| 007 |
td |
| 008 |
250806s2024 xr ch e 000 m cze |
| 015 |
|
|
|a cnb003698142
|
| 020 |
|
|
|a 978-80-909116-2-8
|q (list)
|
| 035 |
|
|
|a (OCoLC)1535680939
|
| 040 |
|
|
|a ABA001
|b cze
|e rda
|
| 043 |
|
|
|a e-xr---
|
| 072 |
|
7 |
|a 792
|x Divadlo. Divadelní představení
|2 Konspekt
|9 3
|
| 080 |
|
|
|a 792
|2 MRF
|
| 080 |
|
|
|a 821.162.3-2
|2 MRF
|
| 080 |
|
|
|a (437.3)
|2 MRF
|
| 080 |
|
|
|a (0:82-9)
|2 MRF
|
| 080 |
|
|
|a (082.2)
|2 MRF
|
| 100 |
1 |
|
|a Krejčí, Hubert,
|d 1944-2022
|7 xx0011339
|4 aut
|
| 245 |
1 |
0 |
|a Prach v očích mých je vše, co z tebe zbývá :
|b pamflety a hříčky Huberta Krejčího
|
| 264 |
|
1 |
|a [Pardubice] :
|b NOV, spolek pro soudobou a mladou tvorbu,
|c 2024
|
| 300 |
|
|
|a 16 nečíslovaných stran :
|b portréty, faksimile ;
|c 34 cm
|
| 336 |
|
|
|a text
|b txt
|2 rdacontent
|
| 336 |
|
|
|a statický obraz
|b sti
|2 rdacontent
|
| 337 |
|
|
|a bez média
|b n
|2 rdamedia
|
| 338 |
|
|
|a svazek
|b nc
|2 rdacarrier
|
| 500 |
|
|
|a Název z obálky
|
| 500 |
|
|
|a Vydáno u příležitosti výstavy v Galerii Art Space NOV
|
| 500 |
|
|
|a 100 výtisků
|
| 650 |
0 |
7 |
|a divadlo
|7 ph119513
|z Česko
|2 czenas
|
| 650 |
0 |
7 |
|a české drama
|7 ph128137
|2 czenas
|
| 650 |
0 |
9 |
|a theater
|z Czechia
|2 eczenas
|
| 650 |
0 |
9 |
|a Czech drama
|2 eczenas
|
| 655 |
|
7 |
|a texty
|7 fd133699
|2 czenas
|
| 655 |
|
7 |
|a jubilejní publikace
|7 fd131839
|2 czenas
|
| 655 |
|
9 |
|a texts
|2 eczenas
|
| 655 |
|
9 |
|a jubilee books
|2 eczenas
|
| 710 |
2 |
|
|a Art Space NOV (galerie : Pardubice, Česko)
|7 pag2015860899
|4 orm
|
| 910 |
2 |
|
|a BOA001
|b 4-1557.825
|
| 928 |
9 |
|
|a NOV
|
| 990 |
|
|
|a BK
|
| 995 |
|
|
|a 01
|
| 991 |
|
|
|b 202602
|c NOV
|
| 996 |
6 |
|
|b 2611025786
|c 4-1557.825
|l MZK
|r Sklad / do 1 hodiny
|n 0
|p p.v.
|w 002034525
|u 000010
|a 1
|e BOA001
|j MZK50
|s P
|